| 000 | 00460nam a22001697a 4500 | ||
|---|---|---|---|
| 003 | NUST-PNEC | ||
| 005 | 20170116180744.0 | ||
| 008 | 150121b xxu||||| |||| 00| 0 eng d | ||
| 040 | _cPNEC | ||
| 082 | _a297.161 MUR | ||
| 100 |
_91231 _aMurtaza, Malik Ghulam |
||
| 245 |
_aAnwar ul Quran Vol-2 (Urdu) _cDr Ghulam Murtaza |
||
| 260 |
_aLahore: _bService Books Club _cc1997. |
||
| 300 |
_a982 p. : _bill.; _c24 cm. |
||
| 650 |
_xGeneral _xIslam |
||
| 942 |
_2ddc _cBK |
||
| 999 |
_c62313 _d62313 |
||